Подробности
| 000 -МАРКЕР |
| контрольное поле |
02794nam0a22003611 4500 |
| 001 - ИДЕНТИФИКАТОР ЗАПИСИ |
| контрольное поле |
v19\rc\2103562 |
| 005 - ИДЕНТИФИКАТОР ВЕРСИИ |
| контрольное поле |
20260406074328.0 |
| 035 ## - ДРУГИЕ СИСТЕМНЫЕ НОМЕРА |
| Идентификатор записи |
(NLR Aleph) 005281162 |
| 100 ## - ДАННЫЕ ОБЩЕЙ ОБРАБОТКИ |
| Данные общей обработки |
20090914d1818 |||y0rusy50 ca |
| 101 1# - ЯЗЫК РЕСУРСА |
| Язык текста, звукозаписи и т.д. |
русский |
| Язык оригинала |
французский |
| 102 ## - СТРАНА ПУБЛИКАЦИИ ИЛИ ПРОИЗВОДСТВА |
| Страна публикации |
российская федерация |
| 105 ## - ПОЛЕ КОДИРОВАННЫХ ДАННЫХ: ТЕКСТОВЫЕ МАТЕРИАЛЫ, МОНОГРАФИЧЕСКИЕ |
| Кодированные данные о монографическом текстовом документе |
y z |||a| |
| 200 1# - ЗАГЛАВИЕ И СВЕДЕНИЯ ОБ ОТВЕТСТВЕННОСТИ |
| Основное заглавие |
Наука о стихотворстве. |
| Первые сведения об ответственности |
Сочинение г. Боало, |
| Последующие сведения об ответственности |
с примечаниями Казанскаго Императорскаго университета г. профессора Городчанинова на перевод оной стихами графа Дмитрия Ивановича Хвостова |
| 205 ## - СВЕДЕНИЯ ОБ ИЗДАНИИ |
| Сведения об издании |
Издание третие |
| 210 ## - ПУБЛИКАЦИЯ, РАСПРОСТРАНЕНИЕ И ДР. |
| Место издания, распространения и т.д. |
Санктпетербург |
| Имя издателя, распространителя и т. д. |
В типографии Императорскаго Воспитательнаго дома |
| Дата издания, распространения и т.д. |
1818 |
| 215 ## - ФИЗИЧЕСКАЯ ХАРАКТЕРИСТИКА |
| Специфическое обозначение материала и объем |
170, [4] с. |
| Размеры |
8° (20 см) |
| 300 ## - ОБЩИЕ ПРИМЕЧАНИЯ |
| Текст примечания |
Пер. Д.И. Хвостов |
| 300 ## - ОБЩИЕ ПРИМЕЧАНИЯ |
| Текст примечания |
Посвящение с подписью: Григорий Городчанинов |
| 321 1# - ПРИМЕЧАНИЯ ОБ ОТДЕЛЬНО ИЗДАННЫХ УКАЗАТЕЛЯХ / РЕФЕРАТАХ / ССЫЛКАХ, ОТРАЖАЮЩИХ КАТАЛОГИЗИРУЕМЫЙ ДОКУМЕНТ |
| Примечания об указателях, рефератах, ссылках |
СК 1801-1825 823 |
| 327 0# - ПРИМЕЧАНИЯ О СОДЕРЖАНИИ |
| Текст примечания |
На с. 67-170: Критическия примечания на перевод Науки стихотворной г. Боало, сделанный графом Дмитрием ивановичем Хвостовым / [Г. Городчанинов] |
| 464 #0 - АНАЛИТИЧЕСКИЙ УРОВЕНЬ |
| Встроенное поле |
2001#$aКритическия примечания на перевод Науки стихотворной г. Боало, сделанный графом Дмитрием ивановичем Хвостовым$f[Г. Городчанинов] |
| -- |
5181#$aКритические примечания на перевод Науки стихотворной г. Боало, сделанный графом Дмитрием ивановичем Хвостовым |
| -- |
700#1$3RU\NLR\AUTH\77127168$7ca$aГородчанинов$bГ. Н.$f1772-1852$gГригорий Николаевич |
| Заглавие |
Критическия примечания на перевод Науки стихотворной г. Боало, сделанный графом Дмитрием ивановичем Хвостовым |
| Автор |
Городчанинов, Григорий Николаевич (1772-1852) |
| 700 #1 - ИМЯ ЛИЦА - ПЕРВИЧНАЯ ОТВЕТСТВЕННОСТЬ |
| Материалы, к которым относится поле |
rus |
| Графика поля |
Кириллица |
| Начальный элемент ввода |
Буало |
| Часть имени, кроме начального элемента ввода |
Н. |
| Даты |
1636-1711 |
| Расширение инициалов личного имени |
Никола |
| Идентификатор авторитетной/нормативной записи |
RU\NLR\AUTH\7791167 |
| Системный номер авторитетной/нормативной записи |
74094 |
| 702 #1 - ИМЯ ЛИЦА - ВТОРИЧНАЯ ОТВЕТСТВЕННОСТЬ |
| Код отношения |
Комментатор печатного текста |
| Материалы, к которым относится поле |
rus |
| Графика поля |
Кириллица |
| Начальный элемент ввода |
Городчанинов |
| Часть имени, кроме начального элемента ввода |
Г. Н. |
| Даты |
1772-1852 |
| Расширение инициалов личного имени |
Григорий Николаевич |
| Идентификатор авторитетной/нормативной записи |
RU\NLR\AUTH\77127168 |
| Системный номер авторитетной/нормативной записи |
110092 |
| 702 #1 - ИМЯ ЛИЦА - ВТОРИЧНАЯ ОТВЕТСТВЕННОСТЬ |
| Код отношения |
Переводчик |
| Материалы, к которым относится поле |
rus |
| Графика поля |
Кириллица |
| Начальный элемент ввода |
Хвостов |
| Часть имени, кроме начального элемента ввода |
Д. И. |
| Даты |
1757-1835 |
| Расширение инициалов личного имени |
Дмитрий Иванович |
| Идентификатор авторитетной/нормативной записи |
RU\NLR\AUTH\7734144 |
| Системный номер авторитетной/нормативной записи |
17150 |
| 801 #0 - ИСТОЧНИК ЗАПИСИ |
| Страна |
российская федерация |
| Организация |
NLR |
| Правила каталогизации |
psbo |
| 801 #1 - ИСТОЧНИК ЗАПИСИ |
| Страна |
российская федерация |
| Организация |
ProSoft-M |
| Источник данных |
rusmarc |
| 801 #2 - ИСТОЧНИК ЗАПИСИ |
| Страна |
российская федерация |
| Организация |
NLR |
| Дата составления |
20120316 |
| Источник данных |
rusmarc |
| 852 ## - МЕСТОНАХОЖДЕНИЕ И ШИФР ХРАНЕНИЯ |
| Идентификатор организации |
NLR |
| Шифр хранения (Call Number) |
18.170.4.59 |
| 852 ## - МЕСТОНАХОЖДЕНИЕ И ШИФР ХРАНЕНИЯ |
| Идентификатор организации |
NLR |
| Шифр хранения (Call Number) |
138/236 |
| 942 ## - ДОПОЛНИТЕЛЬНЫЕ ЭЛЕМЕНТЫ ЗАПИСИ (АБИС) |
| Тип экземпляра АБИС |
Книга |
| 980 ## - КОЛЛЕКЦИЯ |
| Название коллекции |
Национальная библиография |
| 980 9# - КОЛЛЕКЦИЯ |
| Название коллекции |
Сканировано РГБ и региональными библиотеками |